| 000 | 00491nam a22001817a 4500 | ||
|---|---|---|---|
| 003 | CEME | ||
| 005 | 20210628210724.0 | ||
| 008 | 210211b xxu||||| |||| 00| 0 eng d | ||
| 020 | _a81-7635-332-9 | ||
| 040 | _c. | ||
| 082 | _a005.3 CAS | ||
| 100 |
_aPalmer, pamela cassell, paul _980702 |
||
| 245 | _aTeach yourself microsoft access 2000 in 21 days | ||
| 260 |
_aNEW DELHI _bTECHMEDIA _c1999 |
||
| 300 | _a798P | ||
| 650 |
_aMICROSOFT ACCESS 2000 ACCESS 2000 _980648 |
||
| 942 |
_cBK _2ddc |
||
| 999 |
_c585596 _d585596 |
||